Aus dem Handwerkerleben in alter Zeit /

Uložené v:
Podrobná bibliografia
Hlavný autor: Eyth, M.
Médium: Kniha
Jazyk:German
Vydané: Wien ; Leipzig : Österreichischer Bundesverlag, 1927.
Vydanie:3. unveränderte Aufl.
ISBN: (viaz.)
Fyzický popis: 58 s.
Tagy: Pridať tag
Žiadne tagy, Buďte prvý kto otaguje tento záznam!

MARC

LEADER 00000nam a22000004a 4500
001 000438821
005 20131009164849.0
008 131009s1927 gw e 000 0 ger d
020 |a (viaz.)  |c Kčs 5,00 
040 |a SVKKK  |b slo  |c SVKKK  |e AACR2 
041 0 |a ger 
044 |a gw  |c DE 
100 1 |a Eyth, M. 
245 1 0 |a Aus dem Handwerkerleben in alter Zeit /  |c M. Eyth. 
250 |a 3. unveränderte Aufl. 
260 |a Wien ;  |a Leipzig :  |b Österreichischer Bundesverlag,  |c 1927. 
300 |a 58 s. 
910 |a svkkk 
998 |a BK 
090 |g SCKHL  |k Sklad Pribinova prízemie  |a I.11307  |j 151409  |i 2720393245  |s Prezenčne